000 00392nam a2200145Ia 4500
008 230917s9999||||xx |||||||||||||| ||und||
040 _e53535
_aMAIN
041 _aEnglish
082 _aB R138D:P
100 _aDarbar, Gyanwati
245 0 _aPortrait of a President: Letters of Dr. Rajendra Prasad
260 _aDelhi
_bVikas Publishing House
_c1974
300 _axiv, 315 p.
942 _cBK
999 _c134151
_d134151